00430nam a2200157Ia 450000500170000000800460001703700290006304000210009204100130011308400230012610000140014924500440016325000080020726000470021530000100026220250508154351.0008 250505s9999 xx 000 0 eng d aBooks to be hide in OPAC aFEDL bengcFEDL aeng2eng a370.1, RAY/OqFEDL aRaymont T 0aModern education : Its aims and methods a4th aLondon, UKbLongmans, Green and Co. c1953 a237p.